Κοινωνικές τάξεις και κράτος : μορφές κράτους και πρακτικές κοινωνικών τάξεων στη νεώτερη Ευρώπη

Αποθηκεύτηκε σε:
Λεπτομέρειες βιβλιογραφικής εγγραφής
Κύριος συγγραφέας: Σκουλάς, Γεώργιος Ε.
Μορφή: Βιβλίο
Γλώσσα:Greek
Δημοσίευση: Αθήνα : Παπαζήσης, 1996
Θέματα:
Ετικέτες: Προσθήκη ετικέτας
Δεν υπάρχουν, Καταχωρήστε ετικέτα πρώτοι!

MARC

LEADER 00000nam a2200000 i 4500
001 1/34090
008 030304s1996 gre d
020 |a 960-02-1191-4 
035 |l 10069629 
040 |a GR-MY-UA  |b gre  |e aacr 
041 0 |a gre 
082 0 |a 320.1094 
100 1 |a Σκουλάς, Γεώργιος Ε. 
245 1 0 |a Κοινωνικές τάξεις και κράτος :  |b μορφές κράτους και πρακτικές κοινωνικών τάξεων στη νεώτερη Ευρώπη 
260 |a Αθήνα :   |b Παπαζήσης,   |c 1996 
300 |a 345 s. 
650 0 0 |a Social classes  |z Europe  |x History. 
651 0 |a Greece  |x Politics and government. 
852 |a INST  |b RHODES  |e 20030304  |h 320.1094 ΣΚΟ  |p 005400020608  |q 005400020608  |t BK  |y 0 
901 |a BIBL4-2003-1 
909 |a Ρ  |b 104135 
922 |a 4ΕΛΗ  |b 200301  |c ΕΠΕΑΕΚ2/ΤΕΠΑΕΣ  |d ΠΑΠΑΣΩΤΗΡΙΟΥ & ΕΛΕΥΘΕΡΟΥΔΑΚΗΣ 
950 |a 096-2002-10-23 
970 |a ΚΟΥΛΑΚΙΟΤΗ  |b ΛΙΤΣΑ  |z 2003/03/14